000 00532nam a22001817a 4500
999 _c40964
_d40964
003 OSt
005 20210226111323.0
008 210224b ||||| |||| 00| 0 eng d
020 _a9789332570016
040 _coclc
082 _a153.94
_bSIN/Q
100 _98382
_aSinha, Nishit K
245 _aQuantitative Aptitude For the CAT /
_cNishit K Sinha
250 _a4th Ed.
260 _aNoida:
_bPearson India Education Services,
_c2016:
300 _a527p
942 _2ddc
_cBK
_iSIN/Q
_k153.94
_mSIN/Q
_h153.94